The contemporaneous P-t conditions in the Middle European continental crust

Bibliographic Details
Main Author: Suk, Miloš, 1934- (Author)
Format: Article
Language:English
ISBN:8088974283
Subjects:

MARC

LEADER 00000nab a2200000 a 4500
001 vtls000804001
003 SK-MaSNL
005 20260318123829.0
008 160324c2001 xo 0 eng
015 |a SNBRA2002/08-25522 
035 |a CLN000155656 
040 |a SNKBUCL  |b slo  |c SNKBUCL  |e AACR2 
041 0 |a eng 
044 |a xo  |c SK 
080 |a 551.25(437.1/.2)  |2 1997 
100 1 |a Suk, Miloš,  |d 1934-  |4 aut  |9 256380 
245 1 4 |a The contemporaneous P-t conditions in the Middle European continental crust  |c Miloš Suk 
650 0 7 |a kontinentálna kôra  |2 SNKPH  |9 213361 
651 7 |a Česko  |2 SNKPHgeo  |9 16753 
655 7 |a články zo zborníkov  |2 SNKPH  |9 166140 
773 0 |z 8088974283  |t Western Carpathians and European Hercynides  |d Bratislava : Štátny geologický ústav Dionýza Štúra, 2001  |g S. 31 
850 |a Slovenská národná knižnica v Martine 
852 |a SNK  |b KIS3GCP 
958 |a CZ 
999 |c 2665075  |d 2667005